000 00763cab a22002535a 4500
001 L158749
008 090821e20150609xxk 000 0 eng d
035 _a(Sirsi) u158749
041 0 _aeng
100 1 _aNorbury, Mike
245 0 2 _aGoing with the flow
_h[electronic resource]
260 _c2015
490 _aLand Journal
_vJuly-August 2015, 10-14(4)
520 _aExamines the potential of using natural flood management in the UK.
590 _aKA
650 2 4 _aFLOOD MANAGEMENT
650 2 4 _aDIRECTIVE 2000/60/EC
651 4 _aUnited Kingdom
_y
690 _aEnvironment
_96238
700 1 _aQuinn, Paul
700 1 _aCowap, Charles
856 4 0 _uhttps://www.rics.org/uk/news/journals/land-journal
_zView this item at www.rics.org
942 _n0
999 _c84683
_d84683